Nancy Clancy: seeks a fortune / (Record no. 50134)
| 000 -LEADER | |
|---|---|
| fixed length control field | 01478nam a2200361 4500 |
| 020 ## - INTERNATIONAL STANDARD BOOK NUMBER | |
| International Standard Book Number | 9780062269690 |
| Qualifying information | hardcover |
| 020 ## - INTERNATIONAL STANDARD BOOK NUMBER | |
| International Standard Book Number | 0062269690 |
| Qualifying information | hardcover |
| 020 ## - INTERNATIONAL STANDARD BOOK NUMBER | |
| International Standard Book Number | 9780062269706 |
| 035 ## - SYSTEM CONTROL NUMBER | |
| System control number | 18801168 |
| 035 ## - SYSTEM CONTROL NUMBER | |
| System control number | (OCoLC)950972181 |
| 040 ## - CATALOGING SOURCE | |
| Original cataloging agency | VTL |
| Language of cataloging | eng |
| Transcribing agency | VTL |
| Description conventions | rda |
| Modifying agency | VTL |
| -- | OCLCO |
| -- | LIV |
| -- | OCLCO |
| -- | ZHB |
| -- | OCLCO |
| -- | OCLCQ |
| -- | OCLCO |
| -- | DUNPL |
| -- | JOY |
| -- | IXA |
| -- | OCLCO |
| -- | OCLCF |
| -- | OCLCO |
| -- | DLC |
| 042 ## - AUTHENTICATION CODE | |
| Authentication code | lccopycat |
| 050 00 - LIBRARY OF CONGRESS CALL NUMBER | |
| Classification number | PZ7.O222 |
| Item number | Nakw 2016 |
| 082 04 - DEWEY DECIMAL CLASSIFICATION NUMBER | |
| Classification number | [Fic] |
| Edition number | 23 |
| 100 1# - MAIN ENTRY--PERSONAL NAME | |
| Personal name | O'Connor, Jane, |
| Relator term | author. |
| 9 (RLIN) | 15415 |
| 245 10 - TITLE STATEMENT | |
| Title | Nancy Clancy: seeks a fortune / |
| Statement of responsibility, etc | written by Jane O'Connor ; illustrations by Robin Preiss Glasser. |
| 250 ## - EDITION STATEMENT | |
| Edition statement | First Edition. |
| 260 ## - PUBLICATION, DISTRIBUTION, ETC. (IMPRINT) | |
| Name of publisher, distributor, etc | HarperCollins; |
| Date of publication, distribution, etc | June 6, 2017. |
| 300 ## - PHYSICAL DESCRIPTION | |
| Extent | 133 pages : |
| Other physical details | illustrations ; |
| Dimensions | 22 cm. |
| 490 ## - SERIES STATEMENT | |
| Series statement | Nancy Clancy Chapter Books series; |
| Volume number/sequential designation | 7 |
| 520 ## - SUMMARY, ETC. | |
| Summary, etc | Nancy Clancy and her friend Bree try to start a business to get rich, but when things don't go as planned, Nancy learns a valuable lesson. |
| 521 ## - TARGET AUDIENCE NOTE | |
| Target audience note | Ages 6-10. |
| 650 ## - SUBJECT ADDED ENTRY--TOPICAL TERM | |
| Topical term or geographic name as entry element | Money-making projects for children |
| Form subdivision | Juvenile fiction. |
| 650 ## - SUBJECT ADDED ENTRY--TOPICAL TERM | |
| Topical term or geographic name as entry element | Fund raising |
| Form subdivision | Juvenile fiction. |
| 650 ## - SUBJECT ADDED ENTRY--TOPICAL TERM | |
| Topical term or geographic name as entry element | Entrepreneurship |
| Form subdivision | Juvenile fiction. |
| 9 (RLIN) | 87150 |
| 650 #0 - SUBJECT ADDED ENTRY--TOPICAL TERM | |
| Topical term or geographic name as entry element | Best friends |
| Form subdivision | Juvenile fiction. |
| 650 #0 - SUBJECT ADDED ENTRY--TOPICAL TERM | |
| Topical term or geographic name as entry element | Friendship |
| Form subdivision | Juvenile fiction. |
| 650 #1 - SUBJECT ADDED ENTRY--TOPICAL TERM | |
| Topical term or geographic name as entry element | Moneymaking projects |
| Form subdivision | Fiction. |
| 9 (RLIN) | 46576 |
| 650 #1 - SUBJECT ADDED ENTRY--TOPICAL TERM | |
| Topical term or geographic name as entry element | Entrepreneurship |
| Form subdivision | Fiction. |
| 9 (RLIN) | 87151 |
| 700 ## - ADDED ENTRY--PERSONAL NAME | |
| Personal name | Preiss-Glasser, Robin, |
| Relator term | illustrator. |
| 906 ## - LOCAL DATA ELEMENT F, LDF (RLIN) | |
| a | 7 |
| b | cbc |
| c | copycat |
| d | 2 |
| e | epcn |
| f | 20 |
| g | y-gencatlg |
| 942 ## - ADDED ENTRY ELEMENTS (KOHA) | |
| Source of classification or shelving scheme | |
| Koha item type | Book |
| Withdrawn status | Lost status | Source of classification or shelving scheme | Damaged status | Not for loan | Home library | Current library | Date acquired | Total Checkouts | Full call number | Barcode | Checked out | Date last seen | Date checked out | Price effective from | Koha item type |
|---|---|---|---|---|---|---|---|---|---|---|---|---|---|---|---|
| Logos International School | Logos International School | 01/30/2026 | 1 | CB FIC OCO | 040846 | 07/08/2026 | 02/19/2026 | 02/19/2026 | 01/30/2026 | Book |